000 00638nam a2200229Ia 4500
003 OSt
005 20220928125411.0
006 a|||||r|||| 00| 0
007 ta
008 220927b |||||||| |||| 00| 0 eng d
024 _a56855
037 _cTextual
040 _aSDCL
_cSDCL
_beng
041 _2eng
_aeng
082 _aY73(P15).7918'L, L8
100 _aHemming John
_9469457
245 0 _aRed gold
_b The conquest of the Brazilian Indians.
260 _aLondon
_bMacmillan
_c1978
300 _axvii,677p
_ccm.
942 _hY73(P15).7918'L, L8
_cTEXL
_2CC
999 _c782118
_d782118